[Event "Euskadi-ch Seniors 28th"]
[Site "Zarautz"]
[Date "2018.06.23"]
[Round "5"]
[White "Aizpurua Zufiria, Inaki"]
[Black "Saenz Zabala, Juan Ignacio"]
[Result "0-1"]
[WhiteElo "1449"]
[BlackElo "1651"]
[PlyCount "66"]
[EventDate "2018.06.23"]
[EventType "swiss"]
[EventRounds "6"]
[EventCountry "ESP"]
[SourceTitle "EXT 2021"]
[Source "ChessBase"]
[SourceDate "2020.10.23"]
[SourceVersion "1"]
[SourceVersionDate "2020.10.23"]
[SourceQuality "1"]

1. f4 e5 2. fxe5 d6 3. d4 Qh4+ 4. g3 Qe4 5. Nf3 dxe5 6. Nc3 Bb4 7. Bg2 Bf5 8. Kd2 exd4 9. Nh4 dxc3+ 10. bxc3 Qd4+ 11. Ke1 Bxc3+ 12. Bd2 Qxd2+ 13. Qxd2 Bxd2+ 14. Kxd2 Bc8 15. Rab1 c6 16. Rhf1 Nf6 17. Nf5 Bxf5 18. Rxf5 0-0 19. Rxb7 Nbd7 20. Bxc6 Rad8 21. Ke1 Nb8 22. Bf3 a6 23. Rb6 Rd4 24. Rg5 Kh8 25. Ra5 Rc4 26. Rb2 Re8 27. Bb7 Ng4 28. Bd5 Rc7 29. h3 Ne3 30. Bb3 g6 31. c4 Nxc4 32. Bxc4 Rxc4 33. Rb7 Kg8 0-1

[Event "Berlin Lichtenberger op 13th"]
[Site "Berlin"]
[Date "2014.08.20"]
[Round "5"]
[White "Pilgrim, Wilfried"]
[Black "Aizpurua Zufiria, Inaki"]
[Result "0-1"]
[WhiteElo "1459"]
[BlackElo "1545"]
[PlyCount "106"]
[EventDate "2014.08.16"]
[EventType "swiss"]
[EventRounds "9"]
[EventCountry "GER"]
[SourceTitle "CBM 161 Extra"]
[Source "ChessBase"]
[SourceDate "2014.08.29"]
[SourceVersion "1"]
[SourceVersionDate "2014.08.29"]
[SourceQuality "1"]

1. Nf3 d5 2. d4 Nf6 3. g3 e6 4. Bg2 c5 5. a3 Nc6 6. dxc5 Bxc5 7. b4 Be7 8. Bb2 0-0 9. e3 a6 10. Nbd2 b5 11. 0-0 Bb7 12. Nd4 Rc8 13. N2b3 Qc7 14. Rc1 Nd7 15. Nxc6 Bxc6 16. f4 Nb6 17. Qg4 g6 18. Na5 Nd7 19. Nxc6 Qxc6 20. f5 Bf6 21. Bxf6 Nxf6 22. Qg5 exf5 23. Rxf5 Ne8 24. Bxd5 Qc3 25. Rcf1 Rc7 26. Bb3 Kg7 27. R5f3 h6 28. Qg4 Qe5 29. Qf4 Qxf4 30. Rxf4 Nd6 31. e4 Re7 32. Re1 Rfe8 33. Bd5 f5 34. Bc6 Rc8 35. Bd5 Rce8 36. Bc6 Rxe4 37. Rexe4 Rxe4 38. Bxe4 Nxe4 39. Kg2 Kf6 40. g4 Ke5 41. Kf3 Nd6 42. h4 g5 43. hxg5 hxg5 44. Rxf5+ Nxf5 45. gxf5 Kxf5 46. Kg3 g4 47. c3 Ke4 48. Kxg4 Kd3 49. Kf4 Kxc3 50. Ke4 Kb3 51. Kd4 Kxa3 52. Kc3 Ka4 53. Kb2 Kxb4 0-1

[Event "Berlin Lichtenberger op 13th"]
[Site "Berlin"]
[Date "2014.08.17"]
[Round "2"]
[White "Aizpurua Zufiria, Inaki"]
[Black "Alcer, Fabian"]
[Result "0-1"]
[WhiteElo "1545"]
[BlackElo "1760"]
[PlyCount "60"]
[EventDate "2014.08.16"]
[EventType "swiss"]
[EventRounds "9"]
[EventCountry "GER"]
[SourceTitle "CBM 161 Extra"]
[Source "ChessBase"]
[SourceDate "2014.08.29"]
[SourceVersion "1"]
[SourceVersionDate "2014.08.29"]
[SourceQuality "1"]

1. e4 e5 2. Nf3 Nc6 3. d4 exd4 4. Nxd4 Nf6 5. Nc3 Bb4 6. Nxc6 bxc6 7. Bd3 d5 8. 0-0 Bxc3 9. bxc3 dxe4 10. Qe2 0-0 11. Bc4 Bf5 12. Bb2 Qe7 13. Bb3 Rfe8 14. Rad1 Bg4 15. f3 exf3 16. Qxe7 Rxe7 17. gxf3 Bh5 18. Rf2 Rae8 19. Rfd2 Re3 20. Kg2 Bg6 21. Ba4 Rb8 22. Bb3 h6 23. c4 Nh5 24. Bd4 Re6 25. Bxa7 Rbe8 26. Bd4 Nf4+ 27. Kf2 Re2+ 28. Rxe2 Rxe2+ 29. Kg3 Nh5+ 30. Kh3 Bf5+ 0-1

[Event "Donostia Spring op 10th"]
[Site "Donostia"]
[Date "2014.06.07"]
[Round "5.15"]
[White "Munoz Avila, Jose Luis"]
[Black "Aizpurua Zufiria, Inaki"]
[Result "1-0"]
[WhiteElo "1565"]
[BlackElo "1549"]
[PlyCount "81"]
[EventDate "2014.05.10"]
[EventType "swiss"]
[EventRounds "7"]
[EventCountry "ESP"]
[SourceTitle "EXT 2024"]
[Source "ChessBase"]
[SourceDate "2023.10.10"]
[SourceVersion "1"]
[SourceVersionDate "2023.10.10"]
[SourceQuality "1"]

1. d4 d5 2. Nf3 Nf6 3. g3 b6 4. Bg2 Bb7 5. 0-0 e6 6. e3 Be7 7. Nbd2 Nbd7 8. b3 c5 9. Bb2 0-0 10. Rc1 Rc8 11. Qe2 a6 12. a4 Rc7 13. Rfe1 Re8 14. c4 Qa8 15. Red1 a5 16. Ne1 Rec8 17. Nc2 Bd6 18. f4 cxd4 19. Nxd4 Ba6 20. Rc2 Qb8 21. Rdc1 Bb4 22. Nb5 Rc6 23. g4 Bxb5 24. axb5 R6c7 25. h3 Nf8 26. Nf3 Ne4 27. Ne5 Bc5 28. Nc6 Rxc6 29. bxc6 Qxf4 30. Bd4 Bxd4 31. exd4 Rxc6 32. Bxe4 dxe4 33. Rc3 Nd7 34. Qe3 e5 35. Rf1 Qxe3+ 36. Rxe3 exd4 37. Rxe4 Rd6 38. Rd1 d3 39. Re3 d2 40. Re2 Nc5 41. Re8# 1-0

[Event "Euskadi-ch Seniors"]
[Site "Zarautz"]
[Date "2013.06.15"]
[Round "3"]
[White "De Andres Barrena, Raimundo"]
[Black "Aizpurua Zufiria, Inaki"]
[Result "0-1"]
[WhiteElo "1685"]
[BlackElo "1590"]
[PlyCount "47"]
[EventDate "2013.06.15"]
[EventType "swiss"]
[EventRounds "6"]
[EventCountry "ESP"]
[SourceTitle "EXT 2015"]
[Source "ChessBase"]
[SourceDate "2014.11.20"]
[SourceVersion "1"]
[SourceVersionDate "2014.11.20"]
[SourceQuality "1"]

1. Nc3 d5 2. d4 Nf6 3. h3 Nc6 4. Bf4 Bf5 5. Nf3 e6 6. a3 Bd6 7. Ne5 0-0 8. e3 a6 9. Bd3 Ne7 10. g4 Bxd3 11. cxd3 Nd7 12. h4 Bxe5 13. dxe5 Ng6 14. d4 c5 15. h5 Nxf4 16. exf4 f6 17. dxc5 fxe5 18. fxe5 Nxe5 19. Qe2 Nf3+ 20. Kf1 Qf6 21. Rh3 Rf7 22. Rb1 Raf8 23. Nd1 Qd4 24. Qxe6 0-1

[Event "Donostia Spring op 09th"]
[Site "Donostia"]
[Date "2013.05.18"]
[Round "6"]
[White "Elizondo Marquet, Juan Marcos"]
[Black "Aizpurua Zufiria, Inaki"]
[Result "1-0"]
[WhiteElo "1871"]
[BlackElo "1603"]
[PlyCount "51"]
[EventDate "2013.04.19"]
[EventType "swiss"]
[EventRounds "8"]
[EventCountry "ESP"]
[SourceTitle "EXT 2024"]
[Source "ChessBase"]
[SourceDate "2023.10.10"]
[SourceVersion "1"]
[SourceVersionDate "2023.10.10"]
[SourceQuality "1"]

1. e4 c5 2. Nf3 e6 3. d4 cxd4 4. Nxd4 a6 5. c4 Nc6 6. Nc3 Nf6 7. a3 d6 8. Be2 Be7 9. 0-0 0-0 10. Be3 Qc7 11. Rc1 b6 12. Nd5 Qb7 13. Nxc6 exd5 14. exd5 Re8 15. Qd4 Nd7 16. Nxe7+ Rxe7 17. b4 Nf6 18. Bf3 Rb8 19. Bg5 Re5 20. Bf4 Qe7 21. Bxe5 dxe5 22. Qd2 Ne8 23. c5 bxc5 24. bxc5 Rb5 25. d6 Qa7 26. c6 1-0

[Event "Donostia Spring op 09th"]
[Site "Donostia"]
[Date "2013.04.19"]
[Round "1"]
[White "Tholey, Jean Paul"]
[Black "Aizpurua Zufiria, Inaki"]
[Result "0-1"]
[WhiteElo "1927"]
[BlackElo "1603"]
[PlyCount "83"]
[EventDate "2013.04.19"]
[EventType "swiss"]
[EventRounds "8"]
[EventCountry "ESP"]
[SourceTitle "EXT 2024"]
[Source "ChessBase"]
[SourceDate "2023.10.10"]
[SourceVersion "1"]
[SourceVersionDate "2023.10.10"]
[SourceQuality "1"]

1. d4 d5 2. c4 e6 3. Nc3 Nf6 4. Nf3 Nbd7 5. Bg5 Be7 6. e3 0-0 7. Qc2 h6 8. Bh4 a6 9. Rc1 dxc4 10. Bxc4 b5 11. Bd3 Bb7 12. Ne4 Nxe4 13. Bxe7 Qxe7 14. Bxe4 Bxe4 15. Qxe4 Qb4+ 16. Ke2 c5 17. Qc2 c4 18. Rhd1 Rac8 19. Qd2 Qxd2+ 20. Rxd2 Rc7 21. e4 Rfc8 22. Rdc2 Nf6 23. Nd2 g5 24. g3 Kf8 25. e5 Nd5 26. a3 c3 27. bxc3 Rxc3 28. Rxc3 Rxc3 29. Rxc3 Nxc3+ 30. Kd3 Nd5 31. Nb3 Ke7 32. Nc5 Nc7 33. Kc3 Nd5+ 34. Kb3 a5 35. a4 bxa4+ 36. Kxa4 f6 37. Kxa5 fxe5 38. dxe5 Nc3 39. Kb4 Nd1 40. Nd3 Kf7 41. Kb3 Kg6 42. Kc2 0-1

[Event "San Sebastian KO GpA"]
[Site "San Sebastian"]
[Date "2011.12.28"]
[Round "1"]
[White "Santos Martinez, Juan Maria"]
[Black "Aizpurua Zufiria, Inaki"]
[Result "0-1"]
[WhiteElo "1396"]
[BlackElo "1609"]
[PlyCount "45"]
[EventDate "2011.12.28"]
[EventType "k.o."]
[EventRounds "7"]
[EventCountry "ESP"]
[SourceTitle "CBM 146 Extra"]
[Source "ChessBase"]
[SourceDate "2012.02.29"]
[SourceVersion "1"]
[SourceVersionDate "2012.02.29"]
[SourceQuality "1"]

1. e4 d5 2. e5 c5 3. Nf3 Bf5 4. Bb5+ Nd7 5. 0-0 a6 6. Be2 e6 7. c3 Ne7 8. d4 Nc6 9. Bg5 f6 10. exf6 Nxf6 11. Ne5 Be7 12. Nxc6 bxc6 13. dxc5 Bxc5 14. Qa4 0-0 15. Qxc6 Be7 16. Bxf6 Bxf6 17. Bxa6 Rb8 18. c4 Bxb2 19. Nd2 Bxa1 20. Rxa1 Rb6 21. Qa4 Qf6 22. Re1 Ra8 23. Bb5 0-1

[Event "Gipuzkoako Betranoen Txapelketa"]
[Site "Errenteria"]
[Date "2011.12.23"]
[Round "2.1"]
[White "Orube Bona, Andoni"]
[Black "Aizpurua Zufiria, Inaki"]
[Result "1-0"]
[WhiteElo "1788"]
[BlackElo "1609"]
[PlyCount "97"]
[EventDate "2011.12.22"]
[EventType "swiss"]
[EventRounds "5"]
[EventCountry "ESP"]
[SourceTitle "EXT 2024"]
[Source "ChessBase"]
[SourceDate "2023.10.10"]
[SourceVersion "1"]
[SourceVersionDate "2023.10.10"]
[SourceQuality "1"]

1. e4 d5 2. exd5 Qxd5 3. d4 Nf6 4. Nf3 Bg4 5. Be2 e6 6. c4 Bb4+ 7. Bd2 Bxd2+ 8. Nbxd2 Qd7 9. 0-0 0-0 10. Nb3 b6 11. h3 Bxf3 12. Bxf3 c6 13. c5 Na6 14. Qc1 Nd5 15. Nd2 Qe7 16. Ne4 Rac8 17. a3 Rfd8 18. Re1 Nf6 19. Nd6 Rc7 20. b4 bxc5 21. dxc5 Ne8 22. Qf4 Nxd6 23. cxd6 Rxd6 24. Rad1 Rcd7 25. Qc4 Rxd1 26. Rxd1 Rxd1+ 27. Bxd1 Qb7 28. Bf3 Qb5 29. Qxc6 Qxc6 30. Bxc6 e5 31. Kf1 f6 32. Ke2 Kf7 33. Ke3 Ke6 34. Bb5 Nc7 35. Bc4+ Kd6 36. Ke4 Ke7 37. a4 Ne8 38. Kd5 Nd6 39. Bd3 Nc8 40. a5 h6 41. b5 Nd6 42. b6 axb6 43. axb6 Kd7 44. Ba6 e4 45. b7 Nxb7 46. Bxb7 f5 47. g4 g6 48. gxf5 gxf5 49. Ke5 1-0

[Event "Gipuzkoako Betranoen Txapelketa"]
[Site "Errenteria"]
[Date "2011.12.22"]
[Round "1.4"]
[White "Aizpurua Zufiria, Inaki"]
[Black "Goienetxea Yarza, Jesus"]
[Result "1-0"]
[WhiteElo "1609"]
[BlackElo "1357"]
[PlyCount "72"]
[EventDate "2011.12.22"]
[EventType "swiss"]
[EventRounds "5"]
[EventCountry "ESP"]
[SourceTitle "EXT 2024"]
[Source "ChessBase"]
[SourceDate "2023.10.10"]
[SourceVersion "1"]
[SourceVersionDate "2023.10.10"]
[SourceQuality "1"]

1. d4 Nf6 2. Nf3 d5 3. e3 e6 4. Bd3 c5 5. b3 Nc6 6. 0-0 Bd6 7. Bb2 Qc7 8. Nbd2 Bd7 9. c4 Nb4 10. Bb1 b5 11. a3 Na6 12. cxd5 exd5 13. dxc5 Nxc5 14. b4 Na4 15. Bd4 Rc8 16. Bd3 Nc3 17. Qe1 0-0 18. Rc1 Ne2+ 19. Qxe2 Qb8 20. Nb3 Rxc1 21. Rxc1 Ne4 22. Nc5 Nxc5 23. Bxc5 Rc8 24. Bxh7+ Kxh7 25. Ng5+ Kg6 26. Nf3 Bxh2+ 27. Nxh2 Rh8 28. g3 Bh3 29. Qd3+ Kh6 30. Qxd5 f5 31. Qd6+ Qxd6 32. Bxd6 Re8 33. Nf1 g5 34. Kh2 g4 35. Bf4+ Kg6 36. Rc6+ Kh5 1-0

[Event "Gipuzkoa-ch"]
[Site "San Sebastian"]
[Date "2011.10.22"]
[Round "3"]
[White "Fernandez Zubitur, Jokin"]
[Black "Aizpurua Zufiria, Inaki"]
[Result "1-0"]
[WhiteElo "1928"]
[BlackElo "1622"]
[PlyCount "55"]
[EventDate "2011.10.08"]
[EventType "swiss"]
[EventRounds "7"]
[EventCountry "ESP"]
[SourceTitle "EXT 2024"]
[Source "ChessBase"]
[SourceDate "2023.10.10"]
[SourceVersion "1"]
[SourceVersionDate "2023.10.10"]
[SourceQuality "1"]

1. e4 d5 2. exd5 Qxd5 3. Nc3 Qa5 4. d4 Nf6 5. Bd2 c6 6. Nf3 Bg4 7. Be2 e6 8. 0-0 Qc7 9. Ne5 Bxe2 10. Nxe2 Bd6 11. f4 Nbd7 12. b4 0-0 13. c4 b6 14. Qc2 c5 15. dxc5 bxc5 16. Nxd7 Qxd7 17. b5 Rfd8 18. Rf3 Bc7 19. Bc3 Qe7 20. Rh3 h6 21. Re1 Rd7 22. Qb2 Bd8 23. f5 exf5 24. Ng3 Qf8 25. Nxf5 Be7 26. Nxh6+ gxh6 27. Bxf6 Bxf6 28. Qxf6 1-0

[Event "Gipuzkoa-ch Seniors"]
[Site "Donostia"]
[Date "2010.12.22"]
[Round "1.4"]
[White "Aizpurua Zufiria, Inaki"]
[Black "Goikoetxea Arruabarrena, Joseba"]
[Result "0-1"]
[WhiteElo "1601"]
[BlackElo "1489"]
[PlyCount "146"]
[EventDate "2010.12.22"]
[EventType "swiss"]
[EventRounds "5"]
[EventCountry "ESP"]
[SourceTitle "EXT 2024"]
[Source "ChessBase"]
[SourceDate "2023.10.10"]
[SourceVersion "1"]
[SourceVersionDate "2023.10.10"]
[SourceQuality "1"]

1. d4 d5 2. Nf3 Nf6 3. e3 e6 4. Bd3 Bd6 5. 0-0 b6 6. b3 c5 7. Bb2 Qc7 8. Ne5 cxd4 9. exd4 0-0 10. Nd2 Nc6 11. f4 Nb4 12. Qf3 Nxd3 13. Qxd3 Nd7 14. c4 Ba6 15. Qh3 Nxe5 16. fxe5 Be7 17. Rac1 Qb7 18. Rf3 Rac8 19. Rfc3 Bb4 20. R3c2 Bxd2 21. Rxd2 dxc4 22. b4 Qd5 23. Bc3 Bb7 24. a4 b5 25. a5 a6 26. Rf2 f5 27. exf6 Rxf6 28. Rxf6 gxf6 29. Re1 Re8 30. Re2 Re7 31. Qh6 Qg5 32. Bd2 Qg6 33. Qh3 f5 34. Re3 Rg7 35. Rg3 Qf6 36. Rxg7+ Qxg7 37. Qg3 Qxg3 38. hxg3 Kf7 39. Bf4 Kg6 40. Kh2 c3 41. Kh3 Kh5 42. Be5 c2 43. Bf4 Be4 44. Be3 Kg6 45. Bf4 h6 46. Be3 h5 47. Bf4 Bd3 48. Kh2 Kf6 49. Kh3 Ke7 50. Kh4 Be2 51. Kg5 Kd7 52. Kf6 Bc4 53. Kg5 Kc6 54. Kxh5 Kd5 55. g4 fxg4 56. Kxg4 Kxd4 57. Bc1 Kd3 58. Kf4 Kc3 59. Ke3 Kxb4 60. Bd2+ Kb3 61. Bc1 b4 62. Kd2 e5 63. g4 e4 64. g5 e3+ 65. Kxe3 Kc3 66. Bd2+ Kb2 67. Kd4 Bb5 68. g6 Kb3 69. g7 Bc4 70. Bc1 Bf7 71. Kc5 Kc3 72. Be3 b3 73. Bd4+ Kd2 0-1

[Event "San Sebastian op 33rd"]
[Site "San Sebastian"]
[Date "2010.04.02"]
[Round "7"]
[White "D'Amade, Philippe"]
[Black "Aizpurua Zufiria, Inaki"]
[Result "1-0"]
[WhiteElo "1810"]
[BlackElo "1648"]
[PlyCount "49"]
[EventDate "2010.03.28"]
[EventType "swiss"]
[EventRounds "9"]
[EventCountry "ESP"]
[SourceTitle "CBM 135 Extra"]
[Source "ChessBase"]
[SourceDate "2010.05.04"]
[SourceVersion "1"]
[SourceVersionDate "2010.05.04"]
[SourceQuality "1"]

1. e4 c5 2. Nc3 Nc6 3. g3 Nf6 4. Bg2 d6 5. Nge2 Bd7 6. h3 Rb8 7. d4 cxd4 8. Nxd4 a6 9. 0-0 g6 10. Be3 Bg7 11. Qd2 Qc8 12. Kh2 0-0 13. Rad1 Ne5 14. b3 b5 15. Nd5 Nxd5 16. exd5 Re8 17. f4 Ng4+ 18. hxg4 Bxg4 19. Rde1 f5 20. Nc6 Rb7 21. Bd4 e6 22. Bxg7 Rxg7 23. Rxe6 Rxe6 24. dxe6 Rc7 25. Qd5 1-0

[Event "San Sebastian op 33rd"]
[Site "San Sebastian"]
[Date "2010.04.01"]
[Round "6"]
[White "Aizpurua Zufiria, Inaki"]
[Black "Zaballa Zarzosa, Jon"]
[Result "0-1"]
[WhiteElo "1648"]
[BlackElo "1872"]
[PlyCount "68"]
[EventDate "2010.03.28"]
[EventType "swiss"]
[EventRounds "9"]
[EventCountry "ESP"]
[SourceTitle "CBM 135 Extra"]
[Source "ChessBase"]
[SourceDate "2010.05.04"]
[SourceVersion "1"]
[SourceVersionDate "2010.05.04"]
[SourceQuality "1"]

1. d4 Nf6 2. Nf3 e6 3. e3 b6 4. Bd3 Bb7 5. Nbd2 c5 6. 0-0 Nc6 7. a3 Be7 8. b3 0-0 9. Bb2 Rc8 10. Rc1 d5 11. Ne5 Qc7 12. f4 Rfd8 13. Rf3 Ne4 14. Rh3 h6 15. Nxe4 Nxe5 16. fxe5 dxe4 17. Be2 cxd4 18. exd4 Bg5 19. c4 Bxc1 20. Qxc1 Kf8 21. Qf1 Qe7 22. Bg4 Kg8 23. d5 b5 24. Be2 bxc4 25. d6 Qg5 26. Rg3 Qd2 27. Bc1 Qd4+ 28. Be3 Qxe5 29. Bxh6 g6 30. Kh1 Qxd6 31. Be3 cxb3 32. Rg4 Rc2 33. h3 Rxe2 34. Qxe2 Qd1+ 0-1

[Event "San Sebastian op 33rd"]
[Site "San Sebastian"]
[Date "2010.03.30"]
[Round "3"]
[White "Benson, Nicola"]
[Black "Aizpurua Zufiria, Inaki"]
[Result "0-1"]
[WhiteElo "1377"]
[BlackElo "1648"]
[PlyCount "98"]
[EventDate "2010.03.28"]
[EventType "swiss"]
[EventRounds "9"]
[EventCountry "ESP"]
[SourceTitle "CBM 135 Extra"]
[Source "ChessBase"]
[SourceDate "2010.05.04"]
[SourceVersion "1"]
[SourceVersionDate "2010.05.04"]
[SourceQuality "1"]

1. d4 Nf6 2. Nf3 d5 3. e3 g6 4. c4 Bg7 5. cxd5 Nxd5 6. e4 Nb4 7. Nc3 0-0 8. Be2 Nd7 9. 0-0 c5 10. Be3 cxd4 11. Bxd4 e5 12. Be3 a6 13. Rc1 Qe7 14. Qb3 Qe6 15. Nd5 Nxd5 16. exd5 Qe8 17. d6 Nf6 18. Rfd1 b5 19. Rc7 Be6 20. Qc2 Nd5 21. Rc5 Nxe3 22. fxe3 Rc8 23. Ng5 Bd7 24. Rxc8 Qxc8 25. Rc1 Bh6 26. Qxc8 Rxc8 27. Rxc8+ Bxc8 28. h4 f6 29. Ne4 Bxe3+ 30. Kf1 Kf7 31. b4 Be6 32. Nc5 Bxc5 33. bxc5 Bd7 34. Bf3 Ke6 35. a3 f5 36. Bb7 a5 37. Ke2 b4 38. axb4 axb4 39. Kd2 e4 40. Kc2 e3 41. Bf3 Bb5 42. Kd1 b3 43. Kc1 e2 44. Bxe2 Bxe2 45. Kb2 Bc4 46. g3 h6 47. Kc3 Bd5 48. Kb2 g5 49. hxg5 hxg5 0-1

[Event "San Sebastian Beteranoen op"]
[Site "San Sebastian"]
[Date "2008.12.29"]
[Round "4"]
[White "Darrigues, Alain"]
[Black "Aizpurua Zufiria, Inaki"]
[Result "1-0"]
[WhiteElo "2046"]
[BlackElo "1733"]
[PlyCount "57"]
[EventDate "2008.12.22"]
[EventType "swiss"]
[EventRounds "5"]
[EventCountry "ESP"]
[SourceTitle "EXT 2011"]
[Source "ChessBase"]
[SourceDate "2010.11.26"]
[SourceVersion "1"]
[SourceVersionDate "2010.11.26"]
[SourceQuality "1"]

1. d4 Nf6 2. c4 g6 3. Nc3 Bg7 4. e4 d6 5. Be2 0-0 6. Nf3 Nbd7 7. 0-0 e5 8. Re1 h6 9. Rb1 Nh7 10. b4 f5 11. dxe5 dxe5 12. c5 c6 13. Bc4+ Kh8 14. Bb2 f4 15. Qb3 Qe7 16. Rbd1 g5 17. Rd6 Ndf6 18. Be6 Ne8 19. Bxc8 Nxd6 20. cxd6 Qxd6 21. Rd1 Qc7 22. Bf5 Rad8 23. Rc1 Rd6 24. Nb5 Qe7 25. Nxd6 Qxd6 26. Rd1 Qb8 27. Rd7 Nf6 28. Nxe5 Nxd7 29. Ng6+ 1-0

[Event "Gipuzkoako-ch Veterans"]
[Site "Donostia"]
[Date "2007.12.26"]
[Round "1.5"]
[White "Aizpurua Zufiria, Inaki"]
[Black "Landa Benaran, Nekane"]
[Result "1-0"]
[WhiteElo "1698"]
[BlackElo "1572"]
[PlyCount "81"]
[EventDate "2007.12.26"]
[EventType "swiss"]
[EventRounds "5"]
[EventCountry "ESP"]
[SourceTitle "EXT 2024"]
[Source "ChessBase"]
[SourceDate "2023.10.10"]
[SourceVersion "1"]
[SourceVersionDate "2023.10.10"]
[SourceQuality "1"]

1. d4 Nf6 2. Nf3 e6 3. e3 Be7 4. Bd3 d5 5. Nbd2 Bd7 6. b3 Nc6 7. a3 Bd6 8. Bb2 Qe7 9. c4 Na5 10. c5 b6 11. cxd6 Qxd6 12. e4 Bc6 13. e5 Qe7 14. exf6 Qxf6 15. Qc2 0-0 16. b4 Nc4 17. Bxh7+ Kh8 18. Nxc4 Bb5 19. Nce5 Qh6 20. Bd3 Bxd3 21. Qxd3 Rac8 22. Bc1 Qh7 23. Qxh7+ Kxh7 24. Ng5+ Kg8 25. Nc6 Ra8 26. Bf4 Rfe8 27. Kd2 a6 28. Rac1 f6 29. Nf3 Kf7 30. Bxc7 b5 31. Na5 Re7 32. Bg3 Rd7 33. Rc7 Rxc7 34. Bxc7 Rc8 35. Rc1 Kg6 36. Nh4+ Kg5 37. Bf4+ Kxf4 38. Rxc8 e5 39. g3+ Ke4 40. f3+ Kxd4 41. Nb3# 1-0

[Event "San Sebastian op 30th"]
[Site "San Sebastian"]
[Date "2007.04.07"]
[Round "8"]
[White "Aizpurua Zufiria, Inaki"]
[Black "Saenz Zabala, Juan Ignacio"]
[Result "0-1"]
[WhiteElo "1735"]
[BlackElo "1887"]
[PlyCount "49"]
[EventDate "2007.04.01"]
[EventType "swiss"]
[EventRounds "9"]
[EventCountry "ESP"]
[SourceTitle "CBM 117 Extra"]
[Source "ChessBase"]
[SourceDate "2007.05.09"]
[SourceVersion "1"]
[SourceVersionDate "2007.05.09"]
[SourceQuality "1"]

1. d4 e6 2. Nf3 f5 3. Nc3 Nf6 4. Bg5 Be7 5. Bxf6 Bxf6 6. e4 fxe4 7. Nxe4 0-0 8. Bd3 Nc6 9. c3 d5 10. Nxf6+ Qxf6 11. Qc2 h6 12. 0-0-0 e5 13. dxe5 Nxe5 14. Nxe5 Qxe5 15. Rhe1 Qf4+ 16. Kb1 Bf5 17. Bxf5 Rxf5 18. Qb3 Rd8 19. Qxb7 c5 20. Re7 Rg5 21. Qxa7 Qxf2 22. Qc7 Rf8 23. a3 Rxg2 24. Rxg7+ Rxg7 25. Rxd5 0-1

[Event "San Sebastian op 30th"]
[Site "San Sebastian"]
[Date "2007.04.01"]
[Round "1"]
[White "Angulo Martinez, Jon"]
[Black "Aizpurua Zufiria, Inaki"]
[Result "1-0"]
[WhiteElo "2165"]
[BlackElo "1735"]
[PlyCount "65"]
[EventDate "2007.04.01"]
[EventType "swiss"]
[EventRounds "9"]
[EventCountry "ESP"]
[SourceTitle "CBM 117 Extra"]
[Source "ChessBase"]
[SourceDate "2007.05.09"]
[SourceVersion "1"]
[SourceVersionDate "2007.05.09"]
[SourceQuality "1"]

1. e4 c5 2. Nf3 d6 3. d4 cxd4 4. Nxd4 Nf6 5. Bd3 g6 6. 0-0 Bg7 7. Kh1 0-0 8. h3 Nc6 9. Ne2 Bd7 10. f4 h6 11. c3 e6 12. Nd2 Qc7 13. Nf3 Rae8 14. Bc2 Re7 15. Be3 Ne8 16. Bf2 f5 17. Qd3 Nf6 18. Ng3 a6 19. Rad1 Ne8 20. Ne2 e5 21. Nh4 Rf6 22. exf5 gxf5 23. Ng3 e4 24. Bb3+ Kh8 25. Qe2 Be6 26. Bxe6 Rexe6 27. Nhxf5 Rg6 28. Nh5 Nf6 29. Nhxg7 Rxg7 30. Nxg7 Kxg7 31. Bg3 Qf7 32. f5 Re8 33. Rxd6 1-0